000 00372cam a2200169 4500
001 D12436
008 090401t1900 xxu||||| |||| 00| 0 eng d
035 _a(Sirsi) u3505
041 _aeng
100 _aCodd, William
245 _aLand area tables
260 _aLondon
_bE & F N Spon
_c1900
350 _a0
520 _aShelf 178
942 _n0
948 _c04/03/1997
999 _c85894
_d85894